000 00314nam a22001337a 4500
008 171020b xxu||||| |||| 00| 0 eng d
020 _a2900073043554
041 _aeng
080 _230 ED
_a338
100 _a54
101 _aMEN
245 _aINTRODUCTION TO INFORMATION SYSTEMS
_cMRAKAS.G.M
942 _2udc
_cBK
999 _c35057
_d35057